Matrix-geometric solutions in stochastic models : an algorithmic approach
Αποθηκεύτηκε σε:
| Κύριος συγγραφέας: | |
|---|---|
| Μορφή: | Βιβλίο |
| Γλώσσα: | English |
| Δημοσίευση: |
New York :
Dover Publications,
1994
|
| Θέματα: | |
| Ετικέτες: |
Προσθήκη ετικέτας
Δεν υπάρχουν, Καταχωρήστε ετικέτα πρώτοι!
|
MARC
| LEADER | 00000pam a2200000 i 4500 | ||
|---|---|---|---|
| 001 | 1/102438 | ||
| 008 | 000224r19941981 eng d | ||
| 020 | |a 0-486-68342-7 | ||
| 035 | |l 10058082 | ||
| 040 | |a GR-MY-UA |b gre |e aacr | ||
| 041 | 0 | |a eng | |
| 082 | 0 | |a 003.760113351 | |
| 100 | 1 | |a Neuts, Marcel F. | |
| 245 | 1 | 0 | |a Matrix-geometric solutions in stochastic models : |b an algorithmic approach / |c Marcel F. Neuts |
| 260 | |a New York : |b Dover Publications, |c 1994 | ||
| 300 | |a xiii, 332 p.; |b ill.; |c 22 cm. | ||
| 500 | |a Originally published: Baltimore : Johns Hopkins University Press, 1981, in series: Johns Hopkins series in the mathematical sciences ; 2 | ||
| 504 | |a Includes bibliographical references (p. 310-328) and index | ||
| 650 | 0 | 0 | |a Markov processes. |
| 650 | 0 | 0 | |a Queuing theory. |
| 650 | 0 | 0 | |a Matrices. |
| 852 | |a INST |b SAMOS |e 20000224 |h 003.760113351 NEU |p 005300015599 |q 005300015599 |t BK |y 0 | ||
| 901 | |a BIBL3-2000-2 | ||
| 909 | |a Σ |b 073856 | ||
| 922 | |a 3ΕΛΗ |b 200001 |c ΚΠΣ |d LEADER | ||
| 950 | |a 116-1999-12-29 | ||
| 970 | |z 2000/05/ELIDOC | ||